000 00321nam a2200121Ia 4500
008 220204s9999 xx 000 0 und d
082 _a34(540)
_bKHA.2
245 0 _aAll India service laws digest. 1935-1974. V II
260 _aAllahabad
_bLaw Pub
_c1974
700 _aKharbanda, V K
700 _aSinha, B N
942 _cBK
999 _c24178
_d24178